| 000 | 00464pab a2200193 454500 | ||
|---|---|---|---|
| 008 | 180718b2011 xxu||||| |||| 00| 0 eng d | ||
| 100 | _aDubhashi, Siddarth | ||
| 245 | _aIntegrated teaching in medical education. | ||
| 260 | _c2011 | ||
| 300 | _ap.153-156. | ||
| 362 | _a12 Dec | ||
| 650 | _aTeaching | ||
| 650 | _aMedical education | ||
| 700 | _aPower, K.B. | ||
| 700 | _aKulkarni, Pranita | ||
| 773 | _aUniversity News | ||
| 908 | _aN | ||
| 909 | _a94718 | ||
| 999 |
_c94718 _d94718 |
||